[Event "Junior Online 4NCL Division 5"]
[Site "online"]
[Date "2020.04.30"]
[Round "3.2"]
[White "Wu, Jiatong"]
[Black "Golding, Daniel"]
[Result "1-0"]
[WhiteElo "1217"]
[BlackElo "700"]
[PlyCount "155"]
[EventDate "2020.04.30"]
[WhiteTeam "Forest Hall Chimæras"]
[BlackTeam "Friar Tucks"]

1. d4 d5 2. c4 dxc4 3. Nc3 f6 4. e4 e5 5. Bxc4 exd4 6. Nd5 c6 7. Nf4 Qc7 8.
Bxg8 Rxg8 9. Qxd4 Bd6 10. Nf3 Bxf4 11. Bxf4 Qxf4 12. Rd1 Qc7 13. e5 fxe5 14.
Nxe5 Nd7 15. Nxd7 Qxd7 16. O-O Qxd4 17. Rxd4 c5 18. Rd5 c4 19. Rfd1 Be6 20. Re5
Kf7 21. Rd6 Rae8 22. Kf1 Re7 23. Ke2 Bg4+ 24. f3 Rxe5+ 25. Kf2 Bd7 26. Rxd7+
Re7 27. Rd4 b6 28. Rxc4 b5 29. Rf4+ Kg6 30. Rg4+ Kh5 31. g3 Re5 32. Rh4+ Kg5
33. f4+ Kf5 34. fxe5 Kxe5 35. Rxh7 b4 36. Rh5+ Kf6 37. Rh4 a5 38. a3 bxa3 39.
bxa3 Rb8 40. Rf4+ Ke5 41. Kg2 Rb2+ 42. Kh3 Ra2 43. Rf3 Kd5 44. g4 Ke4 45. Kg3
Kd4 46. h4 Ke5 47. h5 Ke6 48. g5 Ke7 49. Kg4 Rd2 50. Re3+ Kf8 51. h6 gxh6 52.
gxh6 Kg8 53. Kg5 Kh8 54. Re8+ Kh7 55. Re7+ Kh8 56. Ra7 Rd3 57. Ra8+ Kh7 58.
Rxa5 Rd8 59. Ra7+ Kh8 60. h7 Rg8+ 61. hxg8=Q+ Kxg8 62. Rb7 Kf8 63. a4 Ke8 64.
a5 Kd8 65. a6 Kc8 66. Rh7 Kb8 67. a7+ Ka8 68. Rh6 Kxa7 69. Re6 Kb7 70. Kf5 Kc7
71. Ke5 Kd7 72. Kd5 Kc7 73. Rd6 Kb7 74. Rc6 Ka7 75. Kd6 Kb7 76. Kd7 Ka7 77. Kc7
Ka8 78. Ra6# 1-0

[Event "Junior Online 4NCL Division 5"]
[Site "online"]
[Date "2020.04.30"]
[Round "3.5"]
[White "Pardeshi, Prachi"]
[Black "Saxby, Ben"]
[Result "1-0"]
[WhiteElo "519"]
[BlackElo "917"]
[PlyCount "55"]
[EventDate "2020.04.30"]
[WhiteTeam "East Kilbride Bishops"]
[BlackTeam "Manchester Juniors D"]

1. e4 e5 2. Nf3 Nc6 3. d4 exd4 4. Nxd4 Nxd4 5. Qxd4 Be7 6. Qxg7 Bf6 7. Qg3 Bh4
8. Qf3 Qf6 9. Qxf6 Nxf6 10. Be3 d6 11. Bd3 Bd7 12. Nd2 O-O-O 13. O-O-O Rhg8 14.
g3 Bg5 15. f4 Bh6 16. Bxa7 Bg4 17. Rde1 d5 18. e5 Ne4 19. Nxe4 dxe4 20. Bxe4
Bd1 21. Bf5+ Rd7 22. Rxd1 Rgd8 23. Rxd7 Rxd7 24. Rd1 Bxf4+ 25. gxf4 h5 26.
Bxd7+ Kd8 27. Be6+ Ke7 28. Bc4 1-0

[Event "Junior Online 4NCL Division 5"]
[Site "online"]
[Date "2020.04.30"]
[Round "3.6"]
[White "Pickett, George"]
[Black "Roul, Karan"]
[Result "1-0"]
[WhiteElo "775"]
[BlackElo "434"]
[PlyCount "23"]
[EventDate "2020.04.30"]
[WhiteTeam "Manchester Juniors D"]
[BlackTeam "East Kilbride Bishops"]

1. e4 d5 2. Nc3 d4 3. Nb5 e5 4. Bc4 Nf6 5. d3 Nc6 6. Bg5 Be7 7. Nf3 Bg4 8. h3
Bxf3 9. Qxf3 a6 10. Na3 Nd7 11. Nb1 Bxg5 12. Qxf7# 1-0

[Event "Junior Online 4NCL Division 5"]
[Site "online"]
[Date "2020.04.30"]
[Round "3.8"]
[White "Hitchman, George S"]
[Black "Roul, Tushar"]
[Result "0-1"]
[WhiteElo "760"]
[BlackElo "398"]
[PlyCount "64"]
[EventDate "2020.04.30"]
[WhiteTeam "Manchester Juniors D"]
[BlackTeam "East Kilbride Bishops"]

1. e4 d5 2. Nf3 Nf6 3. Be2 e5 4. d3 Nc6 5. Bg5 Be7 6. g3 dxe4 7. Bxf6 Bxf6 8.
dxe4 Qxd1+ 9. Bxd1 Be6 10. O-O O-O-O 11. a4 Be7 12. Nc3 Rhe8 13. Ra3 Bxa3 14.
bxa3 Nd4 15. Nxd4 exd4 16. Nb5 Bc4 17. Bg4+ Be6 18. Nxa7+ Kd7 19. Bxe6+ Rxe6
20. Nb5 Ke8 21. Nxc7+ Ke7 22. Nxe6 Kxe6 23. a5 Ke5 24. Re1 d3 25. cxd3 Rxd3 26.
Rc1 Rxa3 27. Rc5+ Kxe4 28. Rc4+ Kd3 29. Rc5 Ke4 30. Rc4+ Kf3 31. Rc5 Ra1+ 32.
Rc1 Rxc1# 0-1

[Event "Junior Online 4NCL Division 5"]
[Site "online"]
[Date "2020.04.30"]
[Round "3.9"]
[White "Saxby, Ben"]
[Black "Pardeshi, Prachi"]
[Result "0-1"]
[WhiteElo "917"]
[BlackElo "519"]
[PlyCount "60"]
[EventDate "2020.04.30"]
[WhiteTeam "Manchester Juniors D"]
[BlackTeam "East Kilbride Bishops"]

1. d4 d5 2. Nf3 Nc6 3. Nc3 b6 4. e3 Bb7 5. Bb5 Nf6 6. O-O Qd6 7. Bxc6+ Bxc6 8.
a4 Ne4 9. b4 Nxc3 10. Qd2 Qxb4 11. Ba3 Qa5 12. Ne5 Bxa4 13. e4 O-O-O 14. Nxf7
g6 15. Qg5 Nxe4 16. Qe5 Rg8 17. Bxe7 Bxe7 18. Qxe7 Rd7 19. Rab1 Rxe7 20. Ra1
Qd2 21. Rxa4 Nc3 22. Raa1 Rge8 23. Rxa7 Re1 24. Ra8+ Kd7 25. Rd8+ Rxd8 26. Nxd8
Kxd8 27. h3 Ne2+ 28. Kh2 Qxc2 29. Rxe1 Nxd4 30. g3 Qxf2+ 0-1

[Event "Junior Online 4NCL Division 5"]
[Site "online"]
[Date "2020.04.30"]
[Round "3.10"]
[White "Roul, Karan"]
[Black "Pickett, George"]
[Result "1-0"]
[WhiteElo "434"]
[BlackElo "775"]
[PlyCount "35"]
[EventDate "2020.04.30"]
[WhiteTeam "East Kilbride Bishops"]
[BlackTeam "Manchester Juniors D"]

1. e4 e5 2. Nf3 Nc6 3. Nc3 Nf6 4. d4 Bb4 5. dxe5 d6 6. exf6 gxf6 7. Bd2 Bc5 8.
Bb5 f5 9. Bc4 fxe4 10. Ng5 Rf8 11. Ncxe4 d5 12. Bxd5 Qxd5 13. O-O Ne5 14. Re1
Qd4 15. Be3 Qc4 16. Bxc5 Rg8 17. Qd2 h6 18. Nf6# 1-0

[Event "Junior Online 4NCL Division 5"]
[Site "online"]
[Date "2020.04.30"]
[Round "3.11"]
[White "Turner, Rufus"]
[Black "Narasimhan, Srivathsan"]
[Result "0-1"]
[WhiteElo "850"]
[BlackElo "410"]
[PlyCount "54"]
[EventDate "2020.04.30"]
[WhiteTeam "Manchester Juniors D"]
[BlackTeam "East Kilbride Bishops"]

1. e4 e5 2. Qh5 Nc6 3. Bc4 g6 4. Qf3 Nh6 5. Qxf7+ Nxf7 6. Nh3 Bc5 7. O-O Nb4 8.
Re1 Nxc2 9. b4 Nxe1 10. bxc5 Nc2 11. Bb2 Nxa1 12. Bxa1 Ng5 13. Nxg5 Qxg5 14. f3
d6 15. h4 Qxh4 16. Nc3 dxc5 17. Nd5 Kd7 18. Bb5+ c6 19. Nc3 cxb5 20. Nxb5 a6
21. Bxe5 axb5 22. Bxh8 b6 23. f4 Ra3 24. f5 Rxa2 25. fxg6 Rxd2 26. gxh7 Qf2+
27. Kh2 Qxg2# 0-1

[Event "Junior Online 4NCL Division 5"]
[Site "online"]
[Date "2020.04.30"]
[Round "3.12"]
[White "Roul, Tushar"]
[Black "Hitchman, George S"]
[Result "1-0"]
[WhiteElo "398"]
[BlackElo "760"]
[PlyCount "111"]
[EventDate "2020.04.30"]
[WhiteTeam "East Kilbride Bishops"]
[BlackTeam "Manchester Juniors D"]

1. e4 e5 2. Nf3 Bc5 3. Nxe5 d6 4. Nf3 Bg4 5. Be2 Bxf2+ 6. Kxf2 Nf6 7. Ke1 Qd7
8. Nc3 Bxf3 9. Bxf3 Nc6 10. d4 Nb4 11. Bf4 O-O-O 12. a3 Nc6 13. Nd5 Nxd5 14.
exd5 Ne7 15. Bg4 f5 16. Bf3 Rhf8 17. Qe2 Rfe8 18. Bg5 Nxd5 19. Be4 fxe4 20.
Bxd8 Qxd8 21. Qg4+ Qd7 22. Qxd7+ Kxd7 23. Rf1 Ne3 24. Rf7+ Re7 25. Rxe7+ Kxe7
26. Rc1 Nxg2+ 27. Kd1 Ne3+ 28. Ke2 Ng2 29. Kf2 Nf4 30. Ke3 g5 31. Kxe4 Ne2 32.
Re1 Nf4 33. Kf5+ Kf7 34. Kxg5 Nh3+ 35. Kg4 Nf2+ 36. Kf3 Nh3 37. Rf1 Kg7 38. Kg3
Ng5 39. Kf4 Nh3+ 40. Ke3 d5 41. Rf3 Ng1 42. Rg3+ Kf7 43. Rxg1 Ke7 44. Rg7+ Kd8
45. Rxh7 Kc8 46. Kd3 b6 47. c4 dxc4+ 48. Kxc4 Kb7 49. h4 Ka6 50. a4 Kb7 51. b3
Kb8 52. Rg7 Kc8 53. h5 Kd8 54. h6 Ke8 55. h7 Kd8 56. h8=Q# 1-0

[Event "Junior Online 4NCL Division 5"]
[Site "online"]
[Date "2020.04.30"]
[Round "3.15"]
[White "Lewis, Iolo"]
[Black "Hurst, Kate"]
[Result "0-1"]
[WhiteElo "694"]
[BlackElo "1427"]
[PlyCount "78"]
[EventDate "2020.04.30"]
[WhiteTeam "PSE Panthers"]
[BlackTeam "Maid Marians 2"]

1. e4 d5 2. Nc3 d4 3. Nb5 e5 4. d3 a6 5. Na3 Nc6 6. Nf3 h6 7. c3 dxc3 8. bxc3
Bg4 9. Be2 Nf6 10. h3 Bh5 11. g4 Bg6 12. Nh2 h5 13. gxh5 Bxh5 14. Bxh5 Nxh5 15.
Nc4 Nf6 16. Ba3 Bxa3 17. Nxa3 Rxh3 18. Nc2 Ng4 19. Ke2 Rxh2 20. Rxh2 Nxh2 21.
Ne3 Qd7 22. Ng2 Qg4+ 23. Kd2 Qxd1+ 24. Kxd1 O-O-O 25. Ke2 Ng4 26. Rh1 Nf6 27.
Ne3 Na5 28. Nf5 g6 29. Ne7+ Kb8 30. Nd5 Nxd5 31. exd5 Rxd5 32. Rh8+ Ka7 33. c4
Rd7 34. a4 Nc6 35. a5 Nb4 36. f4 exf4 37. Kf3 Nxd3 38. c5 Nxc5 39. Kxf4 Rd4+
0-1

[Event "Junior Online 4NCL Division 5"]
[Site "online"]
[Date "2020.04.30"]
[Round "3.16"]
[White "Pannu, Mya"]
[Black "Howell, Lewis"]
[Result "1-0"]
[WhiteElo "1232"]
[BlackElo "653"]
[PlyCount "55"]
[EventDate "2020.04.30"]
[WhiteTeam "Maid Marians 2"]
[BlackTeam "PSE Panthers"]

1. d4 Nf6 2. Nf3 Nc6 3. e3 d5 4. Bd3 Bg4 5. Nc3 Bxf3 6. Qxf3 e5 7. e4 Nxd4 8.
Qd1 dxe4 9. Nxe4 Nxe4 10. Bxe4 Nc6 11. Qf3 Bb4+ 12. c3 Bf8 13. Be3 Bd6 14. Bd5
O-O 15. Qg3 g6 16. Bg5 Be7 17. Bxe7 Qxe7 18. h4 Rad8 19. Be4 Qd7 20. h5 Qd2+
21. Kf1 Qxb2 22. Re1 f5 23. hxg6 Rd7 24. Bd5+ Kh8 25. Bxc6 bxc6 26. Qxe5+ Rg7
27. Rxh7+ Kg8 28. Qxg7# 1-0

[Event "Junior Online 4NCL Division 5"]
[Site "online"]
[Date "2020.04.30"]
[Round "3.18"]
[White "Pitts, Hannah"]
[Black "Yeadon, William"]
[Result "0-1"]
[WhiteElo "1037"]
[BlackElo "525"]
[PlyCount "112"]
[EventDate "2020.04.30"]
[WhiteTeam "Maid Marians 2"]
[BlackTeam "PSE Panthers"]

1. e4 e5 2. d4 exd4 3. Qxd4 Nc6 4. Qa4 Nf6 5. Bd3 d6 6. Bb5 Bd7 7. Bxc6 Bxc6 8.
Qc4 d5 9. exd5 Bxd5 10. Qb5+ Bc6 11. Qe5+ Be7 12. f3 Ba4 13. b3 Bc6 14. Bg5 h6
15. Bxf6 gxf6 16. Qg3 f5 17. Qg7 Rf8 18. Qxh6 Bf6 19. c3 Qe7+ 20. Kd2 Qd7+ 21.
Kc2 O-O-O 22. Qxf6 Qd1+ 23. Kb2 Bd5 24. Qxf5+ Rd7 25. c4 Be6 26. Qh7 Rdd8 27.
Nc3 Qd4 28. Rd1 Qf2+ 29. Kc1 Qe3+ 30. Kc2 Qe5 31. Rxd8+ Rxd8 32. Nge2 Bf5+ 33.
Ne4 Bxh7 34. Rd1 Bxe4+ 35. fxe4 Qxe4+ 36. Kc1 Qxe2 37. Rxd8+ Kxd8 38. b4 Kd7
39. a4 Qxg2 40. b5 Kd6 41. a5 Qxh2 42. b6 axb6 43. axb6 cxb6 44. Kb1 f6 45. Kc1
f5 46. Kd1 Qg2 47. Ke1 f4 48. Kd1 f3 49. Ke1 f2+ 50. Ke2 f1=R+ 51. Kd3 Rf5 52.
Kd4 Qg4+ 53. Kd3 Rf3+ 54. Ke2 Ra3+ 55. Kd2 Qg2+ 56. Kc1 Ra1# 0-1

[Event "Junior Online 4NCL Division 5"]
[Site "online"]
[Date "2020.04.30"]
[Round "3.19"]
[White "Hurst, Kate"]
[Black "Lewis, Iolo"]
[Result "1-0"]
[WhiteElo "1427"]
[BlackElo "694"]
[PlyCount "31"]
[EventDate "2020.04.30"]
[WhiteTeam "Maid Marians 2"]
[BlackTeam "PSE Panthers"]

1. e4 e5 2. Nf3 Nc6 3. Nc3 Bb4 4. a3 Bxc3 5. dxc3 d6 6. h3 Nf6 7. Bd3 O-O 8.
Bg5 h6 9. Bh4 g5 10. Bg3 Na5 11. h4 Bg4 12. hxg5 Bxf3 13. Qxf3 hxg5 14. O-O-O
g4 15. Qf5 c6 16. Qg5# 1-0

[Event "Junior Online 4NCL Division 5"]
[Site "online"]
[Date "2020.04.30"]
[Round "3.20"]
[White "Howell, Lewis"]
[Black "Pannu, Mya"]
[Result "0-1"]
[WhiteElo "653"]
[BlackElo "1232"]
[PlyCount "50"]
[EventDate "2020.04.30"]
[WhiteTeam "PSE Panthers"]
[BlackTeam "Maid Marians 2"]

1. e4 e5 2. Nf3 Nc6 3. Nc3 Bc5 4. Bc4 Nf6 5. O-O d6 6. d3 O-O 7. Bg5 Bg4 8.
Bxf6 Qxf6 9. h3 Bxf3 10. gxf3 Nd4 11. Nd5 Qg5+ 12. Kh2 f5 13. Nxc7+ Kh8 14.
Nxa8 Qf4+ 15. Kh1 Rxa8 16. Rg1 fxe4 17. Rg2 exf3 18. Rg3 h5 19. Qg1 Ne2 20. Qh2
Nxg3+ 21. fxg3 Qf6 22. Bd5 f2 23. Bxb7 f1=Q+ 24. Rxf1 Qxf1+ 25. Qg1 Qxg1# 0-1

[Event "Junior Online 4NCL Division 5"]
[Site "online"]
[Date "2020.04.30"]
[Round "3.22"]
[White "Yeadon, William"]
[Black "Pitts, Hannah"]
[Result "0-1"]
[WhiteElo "525"]
[BlackElo "1037"]
[PlyCount "82"]
[EventDate "2020.04.30"]
[WhiteTeam "PSE Panthers"]
[BlackTeam "Maid Marians 2"]

1. d4 Nc6 2. Nf3 Nb4 3. e4 d5 4. Nc3 dxe4 5. Nxe4 Bg4 6. Bc4 Bxf3 7. gxf3 e6 8.
Bd2 a5 9. c3 Nd5 10. Bxd5 exd5 11. Nc5 Ra7 12. Qe2+ Be7 13. Bg5 f6 14. Bf4 b6
15. Nd3 Nh6 16. Bxh6 gxh6 17. Nf4 f5 18. Nxd5 c6 19. Nf6+ Kf8 20. Nh5 c5 21.
Rd1 cxd4 22. cxd4 Bb4+ 23. Kf1 Rd7 24. a3 Bc5 25. Ke1 Bxd4 26. f4 Bxb2 27. Rxd7
Bc3+ 28. Kf1 Qxd7 29. Rg1 b5 30. Kg2 Rg8+ 31. Kh1 Qd5+ 32. f3 Rxg1+ 33. Kxg1
Bd4+ 34. Kh1 b4 35. Ng3 bxa3 36. Kg2 a2 37. Nf1 a1=Q 38. Nd2 Qg1+ 39. Kh3 Qf7
40. Kh4 Bf6+ 41. Kh3 Qh5# 0-1

[Event "Junior Online 4NCL Division 5"]
[Site "online"]
[Date "2020.04.30"]
[Round "3.25"]
[White "Withnall, Harry"]
[Black "Parizad, Anjal"]
[Result "1-0"]
[WhiteElo "597"]
[BlackElo "1000"]
[PlyCount "69"]
[EventDate "2020.04.30"]
[WhiteTeam "PSE Tigers"]
[BlackTeam "Leicestershire Juniors 4"]

1. e4 e5 2. Nf3 Nf6 3. Nc3 Nc6 4. Bc4 Bb4 5. Nd5 O-O 6. Nxf6+ Qxf6 7. c3 Be7 8.
d4 d6 9. dxe5 dxe5 10. Bg5 Qe6 11. Bxe6 fxe6 12. Bxe7 Nxe7 13. O-O Ng6 14. c4
Rd8 15. Qxd8+ Kf7 16. Qxc7+ Kg8 17. Rad1 Bd7 18. Rxd7 Nf4 19. Rd8+ Rxd8 20.
Qxd8+ Kf7 21. Qa5 Ne2+ 22. Kh1 Nd4 23. h4 g6 24. Nxd4 exd4 25. Rd1 Kf6 26. Rd3
e5 27. f4 exf4 28. Rxd4 g5 29. Rd6+ Ke7 30. Rh6 g4 31. Rxh7+ Ke6 32. Qb5 Kf6
33. Rh6+ Ke7 34. Qxb7+ Ke8 35. Rh8# 1-0

[Event "Junior Online 4NCL Division 5"]
[Site "online"]
[Date "2020.04.30"]
[Round "3.27"]
[White "Howell, Lloyd"]
[Black "Norton, Laurence"]
[Result "0-1"]
[WhiteElo "426"]
[BlackElo "887"]
[PlyCount "72"]
[EventDate "2020.04.30"]
[WhiteTeam "PSE Tigers"]
[BlackTeam "Leicestershire Juniors 4"]

1. e4 e5 2. Bc4 Nc6 3. Qf3 Nf6 4. Nc3 Nd4 5. Qd1 Bc5 6. Nf3 d6 7. Ng5 O-O 8.
Nxf7 Rxf7 9. Bxf7+ Kxf7 10. O-O Kg8 11. d3 Bg4 12. Qe1 Nxc2 13. Qd2 Nxa1 14.
Qg5 Bd4 15. Ne2 Nc2 16. Ng3 Be6 17. Nh5 g6 18. Nxf6+ Kh8 19. Re1 d5 20. Re2 Nb4
21. Bd2 Nxa2 22. Be3 Bxe3 23. fxe3 Nc1 24. Rf2 Nxd3 25. Qh6 Qe7 26. Qxh7+ Qxh7
27. Nxh7 Nxf2 28. Kxf2 Kxh7 29. g4 Rf8+ 30. Kg2 d4 31. h3 d3 32. g5 d2 33. Kg3
d1=R 34. Kh4 Rg1 35. b4 Kg7 36. b5 Rh8# 0-1

[Event "Junior Online 4NCL Division 5"]
[Site "online"]
[Date "2020.04.30"]
[Round "3.28"]
[White "Sehgal, Garv"]
[Black "Blythe, Harry"]
[Result "1-0"]
[WhiteElo "782"]
[BlackElo "433"]
[PlyCount "41"]
[EventDate "2020.04.30"]
[WhiteTeam "Leicestershire Juniors 4"]
[BlackTeam "PSE Tigers"]

1. e4 Nf6 2. Nc3 Nc6 3. Nf3 e5 4. Bc4 d5 5. exd5 Nd4 6. O-O Nxf3+ 7. Qxf3 e4 8.
Nxe4 Nxe4 9. Qxe4+ Kd7 10. Qg4+ Ke8 11. Bb5+ c6 12. dxc6 bxc6 13. Bxc6+ Bd7 14.
Qe4+ Be7 15. Bxa8 Kf8 16. Bd5 f5 17. Qf4 Bb5 18. Qxf5+ Ke8 19. Bf7+ Kf8 20.
Be6+ Ke8 21. Qf7# 1-0

[Event "Junior Online 4NCL Division 5"]
[Site "online"]
[Date "2020.04.30"]
[Round "3.29"]
[White "Parizad, Anjal"]
[Black "Withnall, Harry"]
[Result "1-0"]
[WhiteElo "1000"]
[BlackElo "597"]
[PlyCount "71"]
[EventDate "2020.04.30"]
[WhiteTeam "Leicestershire Juniors 4"]
[BlackTeam "PSE Tigers"]

1. e4 e5 2. Nf3 Nc6 3. Nc3 Nf6 4. d3 Bb4 5. Be3 d6 6. Be2 Be6 7. d4 O-O 8. d5
Bxd5 9. exd5 Bxc3+ 10. Bd2 Bxb2 11. Rb1 Bd4 12. dxc6 bxc6 13. Ng5 Nd5 14. Bf3
h6 15. Nh3 Nf4 16. Nxf4 e4 17. Bxe4 Re8 18. Qe2 d5 19. Bf3 Rxe2+ 20. Bxe2 h5
21. O-O h4 22. Bh5 Rb8 23. Rbe1 h3 24. Nxh3 Rb2 25. Re5 Bxe5 26. Ng5 Qxg5 27.
Bxg5 Rxc2 28. Re1 Bf6 29. Re8+ Kh7 30. Be3 Rxa2 31. g4 g6 32. Rf8 c5 33. Bxc5
Rc2 34. Bxa7 Bd4 35. Bxd4 Rd2 36. Rh8# 1-0

[Event "Junior Online 4NCL Division 5"]
[Site "online"]
[Date "2020.04.30"]
[Round "3.31"]
[White "Norton, Laurence"]
[Black "Howell, Lloyd"]
[Result "1-0"]
[WhiteElo "887"]
[BlackElo "426"]
[PlyCount "57"]
[EventDate "2020.04.30"]
[WhiteTeam "Leicestershire Juniors 4"]
[BlackTeam "PSE Tigers"]

1. e4 e5 2. Nf3 Bc5 3. Nxe5 Qf6 4. Nf3 Nc6 5. Nc3 Nh6 6. Bc4 Ng4 7. O-O Nxf2 8.
Rxf2 Bxf2+ 9. Kxf2 Ne5 10. Bb3 Nxf3 11. Qxf3 Qxf3+ 12. Kxf3 d6 13. d3 O-O 14.
Kf2 Re8 15. Ke2 Bg4+ 16. Kf1 Re5 17. Bf4 Rf5 18. g3 c5 19. Kg1 b5 20. Nxb5 Rd8
21. Nxa7 d5 22. Nc6 d4 23. exf5 g6 24. Nxd8 gxf5 25. Bh6 Bf3 26. Re1 Be4 27.
dxe4 fxe4 28. Rxe4 d3 29. Re8# 1-0

[Event "Junior Online 4NCL Division 5"]
[Site "online"]
[Date "2020.04.30"]
[Round "3.32"]
[White "Blythe, Harry"]
[Black "Sehgal, Garv"]
[Result "0-1"]
[WhiteElo "433"]
[BlackElo "782"]
[PlyCount "44"]
[EventDate "2020.04.30"]
[WhiteTeam "PSE Tigers"]
[BlackTeam "Leicestershire Juniors 4"]

1. Nf3 Nc6 2. Nc3 e5 3. e3 Nf6 4. e4 Bc5 5. b4 Bxb4 6. a3 Bc5 7. d4 exd4 8. Nd5
O-O 9. Nxf6+ Qxf6 10. e5 Nxe5 11. Nxe5 Qxe5+ 12. Kd2 d3 13. cxd3 Qxa1 14. d4
Qxd4+ 15. Ke2 Qxf2+ 16. Kd3 Qd4+ 17. Kc2 d5 18. Bb2 Bf5+ 19. Kb3 Qxd1+ 20. Ka2
Be6 21. Bc4 Qxh1 22. Bxd5 Bxd5# 0-1

[Event "Junior Online 4NCL Division 5"]
[Site "online"]
[Date "2020.04.30"]
[Round "3.35"]
[White "Broux, Tristan"]
[Black "Dyer, Emily"]
[Result "1-0"]
[WhiteElo "955"]
[BlackElo "820"]
[PlyCount "29"]
[EventDate "2020.04.30"]
[WhiteTeam "Surbiton Juniors C"]
[BlackTeam "Blue Foxes 3"]

1. Nf3 Nf6 2. e4 Nc6 3. d3 e5 4. Nc3 Bc5 5. Bg5 O-O 6. Bxf6 Qxf6 7. g3 Qd8 8.
Nh4 Nd4 9. b4 Bb6 10. Nd5 Bc5 11. bxc5 d6 12. cxd6 cxd6 13. Nf5 Nb5 14. Qg4 Nc3
15. Qxg7# 1-0

[Event "Junior Online 4NCL Division 5"]
[Site "online"]
[Date "2020.04.30"]
[Round "3.36"]
[White "Hilmi, Sofia"]
[Black "Beezadhur, Shruti"]
[Result "1-0"]
[WhiteElo "812"]
[BlackElo "850"]
[PlyCount "55"]
[EventDate "2020.04.30"]
[WhiteTeam "Blue Foxes 3"]
[BlackTeam "Surbiton Juniors C"]

1. d4 d5 2. Nc3 c6 3. Nf3 e6 4. Bf4 Nd7 5. e3 Ngf6 6. Bd3 Be7 7. O-O O-O 8. Qd2
Bb4 9. h3 Nb6 10. a3 Qe7 11. axb4 Bd7 12. Ra2 Rfd8 13. Rfa1 Nh5 14. Rxa7 Rab8
15. Bxb8 Rxb8 16. b5 cxb5 17. Bxb5 Be8 18. Bxe8 Rxe8 19. Nb5 Qh4 20. Nxh4 g6
21. Rxb7 Nc8 22. Rb8 Nf6 23. Raa8 Re7 24. Rxc8+ Re8 25. Rxe8+ Nxe8 26. Rxe8+
Kg7 27. e4 g5 28. Qxg5# 1-0

[Event "Junior Online 4NCL Division 5"]
[Site "online"]
[Date "2020.04.30"]
[Round "3.38"]
[White "Ahmad, Amelia"]
[Black "Tran, Joseph"]
[Result "1/2-1/2"]
[WhiteElo "775"]
[BlackElo "737"]
[PlyCount "258"]
[EventDate "2020.04.30"]
[WhiteTeam "Blue Foxes 3"]
[BlackTeam "Surbiton Juniors C"]

1. e4 e5 2. d3 Nc6 3. Nf3 Nf6 4. Nc3 d6 5. Be3 Be6 6. Be2 d5 7. O-O Bd6 8. exd5
Bxd5 9. Nxd5 Nxd5 10. Bg5 f6 11. Bxf6 gxf6 12. Nh4 Nf4 13. Bh5+ Nxh5 14. Nf5
Bc5 15. Qxh5+ Kd7 16. Qf7+ Ne7 17. Qxf6 Rf8 18. Qxe5 Rxf5 19. Qg3 Qf8 20. Qg4
Ng6 21. Qa4+ c6 22. Qe4 Ne7 23. Qc4 Ng6 24. Qe4 Qf6 25. Qg4 Ne7 26. Qe2 Nd5 27.
Rfe1 Bxf2+ 28. Kh1 Bxe1 29. Qxe1 Qg6 30. Qg3 Qe6 31. Qg7+ Rf7 32. Qg3 Rf4 33.
Qh3 Rf5 34. Qxh7+ Rf7 35. Qe4 Nc7 36. Qh4 Qe2 37. Re1 Qxc2 38. Qc4 Qd2 39.
Qxf7+ Kd6 40. Rg1 Rd8 41. Qf6+ Ne6 42. Qg6 Qf2 43. Qg3+ Qf4 44. Qg6 Rh8 45. Qg3
b5 46. Qxf4+ Nxf4 47. g3 Ne2 48. Rg2 Nd4 49. Rf2 Rh6 50. g4 b4 51. g5 Rh5 52.
Rg2 Nf3 53. g6 c5 54. g7 b3 55. axb3 Rg5 56. g8=Q Rxg8 57. Rxg8 a5 58. Ra8 Nd4
59. Rxa5 Nf3 60. b4 cxb4 61. Rb5 Ne5 62. Rxb4 Nxd3 63. Rd4+ Ke5 64. Rxd3 Ke4
65. Rd8 Ke5 66. b4 Ke6 67. Rb8 Ke7 68. b5 Kd7 69. b6 Kc6 70. b7 Kc7 71. Rc8+
Kxb7 72. Rh8 Kc7 73. h4 Kd7 74. h5 Ke7 75. h6 Kf7 76. Rh7+ Kg6 77. Rh8 Kf7 78.
h7 Kg7 79. Rg8+ Kxh7 80. Ra8 Kg6 81. Ra6+ Kf7 82. Kg2 Kg7 83. Kf3 Kh7 84. Kf4
Kg7 85. Kf5 Kf7 86. Rf6+ Ke7 87. Re6+ Kf7 88. Rf6+ Ke7 89. Kg6 Kd7 90. Rf7+ Ke8
91. Kg7 Kd8 92. Rf8+ Ke7 93. Rf7+ Ke6 94. Rf6+ Ke5 95. Kg6 Kd5 96. Kf5 Kc5 97.
Ke5 Kb5 98. Kd5 Ka5 99. Rc6 Kb5 100. Rc5+ Kb4 101. Rc4+ Kb5 102. Kd4 Ka5 103.
Kc5 Ka6 104. Ra4+ Kb7 105. Kb5 Kc7 106. Ra7+ Kd6 107. Rb7 Ke5 108. Re7+ Kd5
109. Rc7 Kd6 110. Kb6 Ke6 111. Rc8 Kd7 112. Kb7 Ke6 113. Rc6+ Kd5 114. Kb6 Ke5
115. Kb5 Kd5 116. Rc5+ Kd4 117. Rc4+ Kd5 118. Kb4 Ke5 119. Kc3 Kf5 120. Rd4 Ke5
121. Kd3 Kf5 122. Re4 Kg5 123. Ke3 Kf5 124. Rf4+ Ke5 125. Re4+ Kd5 126. Rd4+
Kc5 127. Kd3 Kb5 128. Rc4 Ka5 129. Kc3 Kb5 1/2-1/2

[Event "Junior Online 4NCL Division 5"]
[Site "online"]
[Date "2020.04.30"]
[Round "3.39"]
[White "Dyer, Emily"]
[Black "Broux, Tristan"]
[Result "0-1"]
[WhiteElo "820"]
[BlackElo "955"]
[PlyCount "162"]
[EventDate "2020.04.30"]
[WhiteTeam "Blue Foxes 3"]
[BlackTeam "Surbiton Juniors C"]

1. e4 Nf6 2. Nc3 Nc6 3. Nf3 e5 4. Bc4 d5 5. exd5 Nb4 6. Nxe5 Bd6 7. Nf3 Bf5 8.
Nd4 Bxc2 9. Nxc2 Nxc2+ 10. Qxc2 Ng4 11. Qe4+ Be7 12. Qxg4 O-O 13. O-O g6 14.
Nb5 c6 15. dxc6 bxc6 16. Nd4 Qd6 17. d3 Bd8 18. Bf4 Qb4 19. Nxc6 Qxb2 20. Rfb1
Qe2 21. Qxe2 Bb6 22. Ne7+ Kg7 23. Be5+ f6 24. Bf4 g5 25. Bd6 Rae8 26. Nf5+ Kg6
27. Ne3 Bxe3 28. fxe3 Rf7 29. d4 Rd8 30. Qd3+ Kg7 31. Qe4 Rxd6 32. Bd3 Rb6 33.
Qxh7+ Kf8 34. Qh8+ Ke7 35. Re1 Rf8 36. Qg7+ Rf7 37. Qh6 Ke8 38. Bc4 Rfb7 39.
Qh8+ Kd7 40. Qh7+ Kc8 41. Qg8+ Kd7 42. Qf7+ Kc8 43. Qh5 Rb1 44. Qg4+ Kd8 45.
Rf1 R1b4 46. Rxf6 Rxc4 47. Rf8+ Ke7 48. Rh8 Rc2 49. Rh6 Rbb2 50. Qe6+ Kd8 51.
Rh8+ Kc7 52. Qe7+ Kb6 53. Rh6+ Ka5 54. Qxa7+ Kb4 55. Qb6+ Kc3 56. Qc6+ Kd3 57.
Qg6+ Ke2 58. Qh5+ Kd3 59. Qxg5 Re2 60. h3 Kd2 61. e4+ Kc2 62. Rc6+ Kd3 63. d5
Kxe4 64. d6 Rxg2+ 65. Kh1 Rxg5 66. d7 Rg8 67. Re1+ Kd5 68. Rc7 Rbg2 69. Rc8
R2g7 70. Rd1+ Ke6 71. Rc6+ Ke7 72. a4 Rd8 73. a5 Rxd7 74. a6 Rxd1+ 75. Kh2 Rd2+
76. Kh1 Rf7 77. Rc7+ Kf6 78. Rc6+ Kg7 79. Rc1 Rff2 80. Rg1+ Kf7 81. a7 Rh2# 0-1

[Event "Junior Online 4NCL Division 5"]
[Site "online"]
[Date "2020.04.30"]
[Round "3.40"]
[White "Beezadhur, Shruti"]
[Black "Hilmi, Sofia"]
[Result "0-1"]
[WhiteElo "850"]
[BlackElo "812"]
[PlyCount "42"]
[EventDate "2020.04.30"]
[WhiteTeam "Surbiton Juniors C"]
[BlackTeam "Blue Foxes 3"]

1. d3 e5 2. e4 Bc5 3. Nf3 Nf6 4. Be2 Nc6 5. Nbd2 d6 6. O-O Ng4 7. Qe1 Be6 8. a4
Qe7 9. a5 b6 10. axb6 Bxb6 11. b3 O-O-O 12. Ra6 h5 13. Nc4 Bxc4 14. dxc4 h4 15.
Bd2 h3 16. Qb1 hxg2 17. Re1 Nd4 18. Ra1 Nxf3+ 19. Kxg2 Qh4 20. Rf1 Qxh2+ 21.
Kxf3 Qh3# 0-1

[Event "Junior Online 4NCL Division 5"]
[Site "online"]
[Date "2020.04.30"]
[Round "3.41"]
[White "Prashanth, Shrivats"]
[Black "Ciais, Dimitri P"]
[Result "0-1"]
[WhiteElo "775"]
[BlackElo "730"]
[PlyCount "43"]
[EventDate "2020.04.30"]
[WhiteTeam "Blue Foxes 3"]
[BlackTeam "Surbiton Juniors C"]

1. d4 d5 2. Nc3 Nf6 3. Nf3 Nc6 4. Bg5 h6 5. Bxf6 exf6 6. e4 Be7 7. exd5 Nb8 8.
Bb5+ Kf8 9. O-O Nc6 10. Bxc6 bxc6 11. Ne4 cxd5 12. Ng3 Bb4 13. c3 Ba5 14. b4
Bb6 15. Nh5 Rg8 16. Nh4 Bg4 17. Qxg4 Qe8 18. Rae1 Qd8 19. Nf5 c5 20. Nfxg7 Rh8
21. dxc5 Qe7 22. Rxe7 0-1